<?xml version="1.0" encoding="UTF-8"?><?xml-stylesheet type="text/xsl" href="static/style.xsl"?><OAI-PMH xmlns="http://www.openarchives.org/OAI/2.0/" xmlns:xsi="http://www.w3.org/2001/XMLSchema-instance" xsi:schemaLocation="http://www.openarchives.org/OAI/2.0/ http://www.openarchives.org/OAI/2.0/OAI-PMH.xsd"><responseDate>2026-06-05T09:49:11Z</responseDate><request verb="GetRecord" identifier="oai:riubu.ubu.es:10259/8421" metadataPrefix="marc">https://riubu.ubu.es/oai/request</request><GetRecord><record><header><identifier>oai:riubu.ubu.es:10259/8421</identifier><datestamp>2024-01-23T01:05:26Z</datestamp><setSpec>com_10259.4_2502</setSpec><setSpec>com_10259.4_2477</setSpec><setSpec>com_10259.4_106</setSpec><setSpec>com_10259_2604</setSpec><setSpec>com_10259_7942</setSpec><setSpec>com_10259_5086</setSpec><setSpec>col_10259_7074</setSpec><setSpec>col_10259_8416</setSpec></header><metadata><record xmlns="http://www.loc.gov/MARC21/slim" xmlns:doc="http://www.lyncode.com/xoai" xmlns:xsi="http://www.w3.org/2001/XMLSchema-instance" xmlns:dcterms="http://purl.org/dc/terms/" xsi:schemaLocation="http://www.loc.gov/MARC21/slim http://www.loc.gov/standards/marcxml/schema/MARC21slim.xsd">
<leader>00925njm 22002777a 4500</leader>
<datafield tag="042" ind1=" " ind2=" ">
<subfield code="a">dc</subfield>
</datafield>
<datafield tag="720" ind1=" " ind2=" ">
<subfield code="a">Diéguez Rodríguez, Ana</subfield>
<subfield code="e">author</subfield>
</datafield>
<datafield tag="720" ind1=" " ind2=" ">
<subfield code="a">Payo Hernanz, René Jesús</subfield>
<subfield code="e">author</subfield>
</datafield>
<datafield tag="260" ind1=" " ind2=" ">
<subfield code="c">2019</subfield>
</datafield>
<datafield tag="520" ind1=" " ind2=" ">
<subfield code="a">Crispijn van den Broeck y Frans Pourbus I fueron dos pintores flamencos discípulos de Frans Floris.&#xd;
Su actividad artística se desarrolló en la segunda mitad del siglo XVI. Lograron gran fama y sus obras fueron&#xd;
exportadas a muchos países Europeos. En Burgos se conservan dos interesantes pinturas sobre tabla: Un Juicio&#xd;
Final de Crispijn van den Broeck y un San Jerónimo de Frans Pourbus I que llegaron a esta ciudad gracias a&#xd;
las relaciones comerciales entre Castilla y Flandes.</subfield>
</datafield>
<datafield tag="520" ind1=" " ind2=" ">
<subfield code="a">Crispijn van den Broeck and Frans I Pourbus were two Flemish painters disciples of Frans Floris.&#xd;
Their artistic activity was developed in the second half of the 16th century. They achieved great fame and&#xd;
their works were exported to many European countries. In Burgos there are two interesting paintings: a Final&#xd;
Judgement by Crispijn van den Broeck and a Saint Jerome by Frans I Pourbus both brought to this city thanks to&#xd;
the trade relations between Castile and Flanders.</subfield>
</datafield>
<datafield tag="024" ind2=" " ind1="8">
<subfield code="a">1130-7099</subfield>
</datafield>
<datafield tag="024" ind2=" " ind1="8">
<subfield code="a">http://hdl.handle.net/10259/8421</subfield>
</datafield>
<datafield tag="024" ind2=" " ind1="8">
<subfield code="a">10.7203/arslonga.28.14519</subfield>
</datafield>
<datafield tag="024" ind2=" " ind1="8">
<subfield code="a">2605-0439</subfield>
</datafield>
<datafield ind1=" " ind2=" " tag="653">
<subfield code="a">Crispijn van den Broeck</subfield>
</datafield>
<datafield ind1=" " ind2=" " tag="653">
<subfield code="a">Frans Pourbus I</subfield>
</datafield>
<datafield ind1=" " ind2=" " tag="653">
<subfield code="a">Frans Floris</subfield>
</datafield>
<datafield ind1=" " ind2=" " tag="653">
<subfield code="a">Amberes</subfield>
</datafield>
<datafield ind1=" " ind2=" " tag="653">
<subfield code="a">Burgos</subfield>
</datafield>
<datafield ind1=" " ind2=" " tag="653">
<subfield code="a">Pintura Flamenca</subfield>
</datafield>
<datafield ind1=" " ind2=" " tag="653">
<subfield code="a">Segunda mitad del siglo XVI</subfield>
</datafield>
<datafield ind1=" " ind2=" " tag="653">
<subfield code="a">Juicio FInal</subfield>
</datafield>
<datafield ind1=" " ind2=" " tag="653">
<subfield code="a">San Jerónimo</subfield>
</datafield>
<datafield ind1=" " ind2=" " tag="653">
<subfield code="a">Antwerp</subfield>
</datafield>
<datafield ind1=" " ind2=" " tag="653">
<subfield code="a">Flemish Painting</subfield>
</datafield>
<datafield ind1=" " ind2=" " tag="653">
<subfield code="a">Second half of the 16th century</subfield>
</datafield>
<datafield ind1=" " ind2=" " tag="653">
<subfield code="a">Final Judgement</subfield>
</datafield>
<datafield ind1=" " ind2=" " tag="653">
<subfield code="a">Saint Jerome</subfield>
</datafield>
<datafield tag="245" ind1="0" ind2="0">
<subfield code="a">La escuela pictórica de Amberes en la segunda mitad del siglo XVI en Burgos. La estela de Frans Floris a través de dos obras de sus discípulos: Crispijn van den Broeck y Frans Pourbus I</subfield>
</datafield>
</record></metadata></record></GetRecord></OAI-PMH>